00346nam a2200145 i 4500001000300000245002900003250001300032260003700045300003600082500001700118040000800135041000800143080000800151008004100159bg 0aFiziceskaja elektronika. aWyd. 11. aL'vov :b"Viscaja Skola",c1975. as. 127, nlb. 1 :brys., ilustr. a[Alf. ros.]. cBPK apol a537 s pl f |000 0 pol